Fundamentos de matemáticas : algebra, trigonometría, geometría analítica y cálculo
| Main Author: | |
|---|---|
| Format: | Section = Libro |
| Language: | Undetermined Spanish |
| Published: |
Managua, Nicaragua
BCN
2002
|
| Subjects: |
| LEADER | 00570nam a2200205Ia 4500 | ||
|---|---|---|---|
| 008 | 240830s9999 xx 000 0 und d | ||
| 040 | |a B-ESTELÍ- RUACS / 510 S586 | ||
| 041 | |a spa | ||
| 082 | |a 510 S586 | ||
| 100 | 1 | |a Banco Central de Nicaragua. | |
| 245 | 1 | 0 | |a Fundamentos de matemáticas : algebra, trigonometría, geometría analítica y cálculo |
| 260 | |a Managua, Nicaragua |b BCN |c 2002 | ||
| 300 | |a 140 p:il | ||
| 650 | 7 | |a BREVISIMA HISTORIA | |
| 650 | 7 | |b AUTORES | |
| 650 | 7 | |c TITULOS | |
| 650 | 7 | |d TEMAS. | |
| 942 | |c BK |2 ddc | ||
| 991 | |a TEXTO | ||
| 999 | |c 10900 | ||